<?xml version="1.0" encoding="UTF-8"?>
<record
    xmlns:xsi="http://www.w3.org/2001/XMLSchema-instance"
    xsi:schemaLocation="http://www.loc.gov/MARC21/slim http://www.loc.gov/standards/marcxml/schema/MARC21slim.xsd"
    xmlns="http://www.loc.gov/MARC21/slim">

  <leader>01512nam a2200301 i 4500</leader>
  <controlfield tag="003">DO-SdBNP</controlfield>
  <controlfield tag="005">20240517093633.0</controlfield>
  <controlfield tag="006">a||||gr|||| 00| 0 </controlfield>
  <controlfield tag="007">ta</controlfield>
  <controlfield tag="008">240516e1998    dr a|||| |||| 00| j spa d</controlfield>
  <datafield tag="040" ind1=" " ind2=" ">
    <subfield code="a">DO-SdBNP</subfield>
    <subfield code="b">spa</subfield>
    <subfield code="c">BNPHU</subfield>
    <subfield code="e">rda</subfield>
  </datafield>
  <datafield tag="082" ind1=" " ind2="4">
    <subfield code="2">22</subfield>
    <subfield code="b">Q7c</subfield>
  </datafield>
  <datafield tag="245" ind1="0" ind2="0">
    <subfield code="a">5to. concurso de cuentos Radio Santa Mar&#xED;a 1997 /</subfield>
    <subfield code="c">Gr&#xE1;fica, Homero Herrera, Martha de Olloqu&#xED; y Alexandra &#xC1;lvarez; dise&#xF1;o y cuidad de edici&#xF3;n, Carlos Fern&#xE1;ndez-Rocha; presentaci&#xF3;n, P. Jos&#xE9; Somoza</subfield>
  </datafield>
  <datafield tag="246" ind1="0" ind2="3">
    <subfield code="a">Antolog&#xED;a - quinto concurso de cuentos 1997 Radio Santa Mar&#xED;a.</subfield>
  </datafield>
  <datafield tag="264" ind1=" " ind2="1">
    <subfield code="a">Santo Domingo :</subfield>
    <subfield code="b">Amigo del Hogar,</subfield>
    <subfield code="c">1998.</subfield>
  </datafield>
  <datafield tag="300" ind1=" " ind2=" ">
    <subfield code="a">107 p&#xE1;ginas :</subfield>
    <subfield code="b">ilustraciones ;</subfield>
    <subfield code="c">22 cm.</subfield>
  </datafield>
  <datafield tag="336" ind1=" " ind2=" ">
    <subfield code="2">rdacontent</subfield>
    <subfield code="a">texto</subfield>
    <subfield code="b">txt</subfield>
  </datafield>
  <datafield tag="337" ind1=" " ind2=" ">
    <subfield code="2">rdamedia</subfield>
    <subfield code="a">sin mediaci&#xF3;n</subfield>
    <subfield code="b">n</subfield>
  </datafield>
  <datafield tag="338" ind1=" " ind2=" ">
    <subfield code="2">rdacarrier</subfield>
    <subfield code="a">volumen</subfield>
    <subfield code="b">nc</subfield>
  </datafield>
  <datafield tag="505" ind1=" " ind2=" ">
    <subfield code="a">I Cuentos Premiados:</subfield>
    <subfield code="t">Por el treyecto de la madrugada.-- Delirium.-- La Mudanza.-- El C&#xED;rculo Infinito.-- El &#xFA;ltimo recodo de la luz.</subfield>
    <subfield code="g">II Menciones:</subfield>
    <subfield code="t">El Recuerdo de Asdr&#xFA;bal.-- Pasi&#xF3;n de la Noche.-- 24 de diciembre.-- La Carta.-- Donde pueda, chofer.</subfield>
    <subfield code="g">III Anexos:</subfield>
    <subfield code="t">"La experiencia del Concurso de Cuentos de Radio Santa Mar&#xED;a".-- Acta &#xDA;nica.</subfield>
  </datafield>
  <datafield tag="590" ind1=" " ind2=" ">
    <subfield code="a">Inventariado 2024 / MF</subfield>
  </datafield>
  <datafield tag="700" ind1="1" ind2=" ">
    <subfield code="a">Herrera, Homero,</subfield>
    <subfield code="9">28003</subfield>
    <subfield code="e">ilustrador,</subfield>
  </datafield>
  <datafield tag="700" ind1="1" ind2=" ">
    <subfield code="a">Olloqu&#xED;, Martha,</subfield>
    <subfield code="e">ilustrador</subfield>
    <subfield code="9">85491</subfield>
  </datafield>
  <datafield tag="700" ind1=" " ind2=" ">
    <subfield code="a">Alvarez, Alexandra,</subfield>
    <subfield code="d">1946-</subfield>
    <subfield code="9">27926</subfield>
    <subfield code="e">ilustrador</subfield>
  </datafield>
  <datafield tag="700" ind1="1" ind2=" ">
    <subfield code="a">Fern&#xE1;ndez-Rocha, Carlos,</subfield>
    <subfield code="9">6526</subfield>
    <subfield code="e">editor</subfield>
  </datafield>
  <datafield tag="700" ind1="1" ind2=" ">
    <subfield code="a">Somoza, P. Jos&#xE9;,</subfield>
    <subfield code="e">pr&#xF3;logo</subfield>
    <subfield code="9">85492</subfield>
  </datafield>
  <datafield tag="942" ind1=" " ind2=" ">
    <subfield code="2">ddc</subfield>
    <subfield code="c">LBS1</subfield>
  </datafield>
  <datafield tag="952" ind1=" " ind2=" ">
    <subfield code="0">0</subfield>
    <subfield code="1">0</subfield>
    <subfield code="2">ddc</subfield>
    <subfield code="5">1</subfield>
    <subfield code="7">0</subfield>
    <subfield code="8">PD</subfield>
    <subfield code="a">BNPHU</subfield>
    <subfield code="b">BNPHU</subfield>
    <subfield code="c">CT</subfield>
    <subfield code="d">2018-12-06</subfield>
    <subfield code="e">Doado por Nieves Lidia Emeterio Rond&#xF3;n</subfield>
    <subfield code="l">0</subfield>
    <subfield code="o">Q7c</subfield>
    <subfield code="p">2024-3006</subfield>
    <subfield code="r">2024-05-16</subfield>
    <subfield code="w">2024-05-16</subfield>
    <subfield code="y">LBS1</subfield>
  </datafield>
  <datafield tag="999" ind1=" " ind2=" ">
    <subfield code="c">56681</subfield>
    <subfield code="d">56681</subfield>
  </datafield>
</record>
